Развитие математических способностей младших школьников в процессе решения текстовых задач; Исследования молодых - регионам; Т. 1

書誌詳細
Parent link:Исследования молодых - регионам: сборник трудов I Всероссийской научно-практической конференции, 29-31 марта 2011 г., г. Томск/ Национальный исследовательский Томский политехнический университет (ТПУ), Новокузнецкий филиал (НФ); под ред. С. И. Каковихиной.— , 2011
Т. 1.— 2011.— C. 151-154
第一著者: Ребрикова Т. Л.
その他の著者: Чичканова И. Н. (научный руководитель)
言語:ロシア語
出版事項: 2011
シリーズ:Актуальные проблемы общества (психолого-педагогический аспект)
主題:
フォーマット: MixedMaterials 図書の章
KOHA link:https://koha.lib.tpu.ru/cgi-bin/koha/opac-detail.pl?biblionumber=248298

MARC

LEADER 00000naa2a2200000 4500
001 248298
005 20231031212411.0
035 |a (RuTPU)RU\TPU\book\270059 
035 |a RU\TPU\book\270043 
090 |a 248298 
100 |a 20140121d2011 k y0rusy50 ca 
101 0 |a rus 
102 |a RU 
200 1 |a Развитие математических способностей младших школьников в процессе решения текстовых задач  |f Т. Л. Ребрикова  |g науч. рук. И. Н. Чичканова 
225 1 |a Актуальные проблемы общества (психолого-педагогический аспект) 
461 1 |0 (RuTPU)RU\TPU\book\251726  |t Исследования молодых - регионам  |o сборник трудов I Всероссийской научно-практической конференции, 29-31 марта 2011 г., г. Томск  |f Национальный исследовательский Томский политехнический университет (ТПУ), Новокузнецкий филиал (НФ); под ред. С. И. Каковихиной  |d 2011 
463 0 |0 (RuTPU)RU\TPU\book\250366  |y 978-5-98298-906-2  |t Т. 1  |v C. 151-154  |d 2011  |p 340 с. 
610 1 |a математические способности 
610 1 |a младшие школьники 
610 1 |a текстовые задачи 
610 1 |a решение задач 
610 1 |a математика 
610 1 |a учебная работа 
700 1 |a Ребрикова  |b Т. Л. 
702 1 |a Чичканова  |b И. Н.  |4 727 
801 1 |a RU  |b 63413507  |c 20131111 
801 2 |a RU  |b 63413507  |c 20140121  |g RCR 
942 |c BK